Výchova k prosociálnosti ako súčasť etickej výchovy

Bibliographic Details
Main Authors: Fekjačová, Ľ. (Author), Lapošová, S. (Author)
Format: Article
Language:Slovak
Subjects:

MARC

LEADER 00000nab a2200000 a 4500
001 vtls000418345
003 SK-MaSNL
005 20260302234935.0
008 140301c1991 xo 0 slo
015 |a SNBRB19rr/mm-uuuuu 
035 |a CL0418470 
040 |a SNKBUCL  |b slo  |c SNKBUCL  |e AACR2 
041 0 |a slo 
044 |a xo  |c SK 
080 |a 37.04:17  |2 1981 
080 |a 17  |2 1981 
080 |a 372.817  |2 1981 
080 |a 373.3  |2 1981 
080 |a 37.03  |2 1981 
100 1 |a Fekjačová, Ľ.  |4 aut  |9 970904 
245 1 0 |a Výchova k prosociálnosti ako súčasť etickej výchovy  |c Ľ Fekjačová, S. Lapošová 
650 0 7 |a základné školy  |2 snkbucl  |9 1280 
650 0 7 |a etická výchova  |2 snkbucl  |9 4075 
650 0 7 |a výchova k prosociálnosti  |2 snkbucl  |9 970905 
655 7 |a články z novín a časopisov  |2 snkbucl  |9 267496 
700 1 |a Lapošová, S.  |4 aut  |9 970906 
773 0 |t Učiteľské noviny  |g Roč. 41, č. 25 (1991), s. 3 
850 |a Slovenská národná knižnica v Martine  |a MTA001 
852 |a SNK  |b KIS3GCP 
958 |a RK 
992 |a RBX 
999 |c 1552659  |d 1554589